Normal view
MARC view
- عبدالرحيم ، ابو محمد اشرف بن عبد المقصود
Entry Personal Name
001 - CONTROL NUMBER
- control field: 37670
003 - CONTROL NUMBER IDENTIFIER
- control field: JO-AjAnu
005 - DATE AND TIME OF LATEST TRANSACTION
- control field: 20230606080259.0
008 - FIXED-LENGTH DATA ELEMENTS
- fixed length control field: 230606|| aca||aabn | a|a d
040 ## - CATALOGING SOURCE
- Original cataloging agency: JO-AjAnu
- Transcribing agency: JO-AjAnu
100 ## - HEADING--PERSONAL NAME
- Personal name: عبدالرحيم ، ابو محمد اشرف بن عبد المقصود
670 ## - SOURCE DATA FOUND
- Source citation: Work cat.: (JO-AjAnu)19329: عبدالرحيم ، ابو محمد اشرف بن عبد المقصود , author, الشرح الممتع على زاد المستنقع سجود السهو